Mots de la langue française terminés par "peau" - Statistiques

Statistiques générales
  • Ce quiz a été pris 166 fois
  • Le résultat moyen est 5 sur 9
Statistiques - réponses
Indice Mot % Correct
couvre chef chapeau
98%
fanion drapeau
89%
petite flûte pipeau
81%
cheptel troupeau
70%
instrument destiné à imiter les cris d'oiseaux pour les attirer appeau
47%
guenille oripeau
39%
morceau copeau
16%
jeune poisson carpeau
12%
égalité rampeau
1%
Aucun quiz correspondant
Distribution des résultats
% des personnes avec chaque résultat
Percentile par nombre de réponses
Votre historique - résultats
Vous n’avez pas pris ce quiz